Statistiques concernant Top 10 pays de tueurs en serie

Cliquez ici pour prendre le quiz!

Statistiques générales

  • Ce quiz a été pris 107 fois
  • Le résultat moyen est 8 sur 10

Statistiques - réponses

Pays % Correct
2,743États-Unis
100%
70Russie
93%
145Royaume-Uni
92%
101Canada
85%
75Allemagne
84%
91Japon
82%
65Inde
74%
75Australie
70%
94Italie
68%
112Afrique du sud
53%

Distribution des résultats

Percentile par nombre de réponses

% des personnes avec chaque résultat

Votre développement - résultats

Vous n’avez pas pris ce quiz